Statistics for Guess the Album Songs - Debut

Click here to take the quiz!

General Stats

  • This quiz has been taken 16 times
  • The average score is 11 of 11

Answer Stats

HintAnswer% Correct
Track 10Mary's Song
100%
Track 11Our Song
100%
Track 2Picture to Burn
100%
Track 9Should've Said No
100%
Track 3Teardrops on my Guitar
100%
Track 1Tim McGraw
100%
Track 4A Place in this World
94%
Track 8Stay Beautiful
94%
Track 6The Outside
94%
Track 7Tied Together with a Smile
94%
Track 5Cold as You
81%

Score Distribution

Percentile by Number Answered

Percent of People with Each Score

Your Score History

You have not taken this quiz